Colossians, Philippians, 1 & 2 Thessalonians, 1 & 2 Timothy, Titus, Philemon. (Record no. 5650)

000 -LEADER
fixed length control field 00673nam a2200193 a 4500
001 - CONTROL NUMBER
control field :::00003392$&:&@@
003 - CONTROL NUMBER IDENTIFIER
control field OkBaRHE
005 - DATE AND TIME OF LATEST TRANSACTION
control field 20000607103304.0
008 - FIXED-LENGTH DATA ELEMENTS--GENERAL INFORMATION
fixed length control field s1980 j 000 0 eng u
040 ## - CATALOGING SOURCE
Transcribing agency
100 1# - MAIN ENTRY--PERSONAL NAME
Personal name Tolbert, Malcolm.
245 10 - TITLE STATEMENT
Title Colossians, Philippians, 1 & 2 Thessalonians, 1 & 2 Timothy, Titus, Philemon.
260 ## - PUBLICATION, DISTRIBUTION, ETC. (IMPRINT)
Place of publication, distribution, etc Nashville, TN., :
Name of publisher, distributor, etc Broadman Press
Date of publication, distribution, etc c1980
300 ## - PHYSICAL DESCRIPTION
Extent 168 p. ;
Dimensions 20 cm.
490 0# - SERIES STATEMENT
Series statement Layman's bible book commentary, v. 22
650 ## - SUBJECT ADDED ENTRY--TOPICAL TERM
Topical term or geographic name as entry element Bible New Testament Epistles of Paul
General subdivision Commentaries
942 ## - ADDED ENTRY ELEMENTS (KOHA)
Source of classification or shelving scheme
Koha item type Books
Copies
Barcode Source of classification or shelving scheme Lost status Date last seen Price effective from Full call number Copy number Date acquired Not for loan Permanent Location Withdrawn status Koha item type Damaged status Shelving location
3392  2018-03-282010-04-14BS 2650.3 .T6412010-04-14 RHEMA Bible Training College Books General Stacks